Statistics for 含有地理分区名的大学在哪里

Click here to take the quiz!

General Stats

  • This quiz has been taken 249 times
  • The average score is 28 of 34

Answer Stats

HintAnswer% Correct
东北大学沈阳
99%
西北工业大学西安
98%
西北大学西安
97%
华南理工大学广州
94%
西南大学重庆
94%
华南农业大学广州
94%
华东师范大学上海
94%
华中科技大学武汉
94%
华南师范大学广州
93%
华中师范大学武汉
93%
华中农业大学武汉
93%
华东理工大学上海
92%
东北师范大学长春
91%
东北农业大学哈尔滨
89%
西北师范大学兰州
88%
西南民族大学成都
88%
西南财经大学成都
87%
西北政法大学西安
87%
华东政法大学上海
87%
西北民族大学兰州
87%
西南政法大学重庆
85%
西南交通大学成都
85%
华北电力大学北京
85%
东北财经大学大连
79%
西南石油大学成都
78%
东北林业大学哈尔滨
78%
西北农林科技大学咸阳
77%
东北石油大学大庆
73%
西南林业大学昆明
67%
华北理工大学唐山
59%
东北电力大学吉林
58%
西南科技大学绵阳
58%
华东交通大学南昌
49%
西南医科大学泸州
44%

Score Distribution

Percentile by Number Answered

Percent of People with Each Score

Your Score History

You have not taken this quiz